| 000 | 00834cam a2200301 i 4500 | ||
|---|---|---|---|
| 001 | 200468158 | ||
| 003 | TR-AnTOB | ||
| 005 | 20260416155149.0 | ||
| 007 | ta | ||
| 008 | 980418t19721967nyu 000 0 eng d | ||
| 010 | _a 98140651 | ||
| 035 | _a2621927 | ||
| 040 |
_aDLC _beng _erda _cDLC _dDLC _dTR-AnTOB |
||
| 041 | 0 | _aeng | |
| 043 | _an-us--- | ||
| 050 | 0 | 0 |
_aHV5825 _b.W56 1972 |
| 090 |
_aHV5825 _b.W56 1972 |
||
| 100 |
_aWolfe, Tom _eauthor _9114257 |
||
| 245 | 1 | 4 |
_aThe electric kool-aid acid test / _cTom Wolfe. |
| 264 |
_aNew York : _bBantam Books, _c1972. |
||
| 300 |
_aviii, 370 pages; _c22 cm. |
||
| 336 |
_atext _btxt _2rdacontent |
||
| 337 |
_aunmediated _bn _2rdamedia |
||
| 338 |
_avolume _bnc _2rdacarrier |
||
| 650 | 0 |
_aDrug addiction _zUnited States. _983351 |
|
| 942 |
_2lcc _cBK |
||
| 999 |
_c200468158 _d86370 |
||